Szczegóły MARC21

Konstrukcje włoskie z czasownikami fare, dare, prendere i ich odpowiedniki polskie /

003 -Nazwa inst., której nr kontr. jest w polu 001 [,]
    • @
    • Nazwa instytucji, której n kontrolny jest w polu 001
    • NUKAT
005 -DATA I CZAS OSTATNIEJ MODYFIKACJI [,]
    • @
    • pole kontrolne
    • 20241231091659.0
020 -Międzynarod. znormalizowany nr książki - ISBN [ , ]
    • a
    • Numer ISBN
    • 8321410855 Find
040 -Instytucja sporządzająca opis [ , ]
    • a
    • Instytucja, która sporządziła opis (NP)
    • TOR U/AP
    • c
    • Instytucja, która sporządziła rekord (NP)
    • TOR U/AP
    • d
    • Instytucja, która zmodyfikowała rekord (P)
    • TOR U/AP
    • d
    • Instytucja, która zmodyfikowała rekord (P)
    • Ł U/RRs
041 -Język dokumentu [0, ]
    • a
    • Język tekstu (P)
    • polski
    • a
    • Język tekstu (P)
    • włoski
942 -Rodzaj dokumentu [ , ]
    • c
    • Rodzaj dokumentu
    • Książka
100 -Hasło główne - nazwa osobowa [1, ]
    • a
    • Nazwa osobowa (NP)
    • Putka La Ferrara, Irena.
    • 9
    • KHW
    • 647882
245 -Strefa tytułu i oznaczenia odpowiedzialności [1,0]
    • a
    • Tytuł
    • Konstrukcje włoskie z czasownikami fare, dare, prendere i ich odpowiedniki polskie / Find
    • c
    • Pozostałe elementy strefy tytułu i oznaczenia odpowiedzialności (NP)
    • Irena Putka.
260 -Strefa adresu wydawniczego [ , ]
    • a
    • Miejsce wydania (P)
    • Warszawa :
    • b
    • Nazwa wydawcy (P)
    • Wiedza Powszechna,
    • c
    • Data wydania (P)
    • 1997.
300 -Strefa opisu fizycznego [ , ]
    • a
    • Określenie formy książki i/lub objętość (NP)
    • 149 s. ;
    • c
    • Format (NP)
    • 21 cm.
336 -Typ zawartości [ , ]
    • a
    • Termin opisujący typ zawartości
    • Tekst
    • b
    • Kod określający zawartość
    • txt
    • 2
    • Źródło (terminu i kodu)
    • rdacontent
337 -Typ mediów [ , ]
    • a
    • Tryb odtwarzania
    • Bez urządzenia pośredniczącego
    • b
    • Kod typu mediów
    • n
    • 2
    • Źródło (terminu i kodu)
    • rdamedia
338 -Typ/rodzaj nośnika [ , ]
    • a
    • Hasło opisujące typ nośnika
    • Wolumin
    • b
    • Kod typu nośnika
    • nc
    • 2
    • Źródło (terminu i kodu)
    • rdacarrier
504 -Uwaga dot. bibliogr. załącznikowej [ , ]
    • a
    • Uwaga dot. bibliografii załącznikowej
    • Bibliogr. s. 149.
080 -Uniwersalna Klasyfikacja Dziesiętna [ , ]
    • a
    • Symbol klasyfikacji
    • 805.0-25
080 -Uniwersalna Klasyfikacja Dziesiętna [ , ]
    • a
    • Symbol klasyfikacji
    • :808.4-25
650 -Hasło przedmiotowe [ ,7]
    • a
    • Hasło przedmiotowe
    • Dare (wyraz włoski).
    • 2
    • Źródło terminu
    • kaba
    • 9
    • KHW
    • 168996
650 -Hasło przedmiotowe [ ,7]
    • a
    • Hasło przedmiotowe
    • Fare (wyraz włoski).
    • 2
    • Źródło terminu
    • kaba
    • 9
    • KHW
    • 169041
650 -Hasło przedmiotowe [ ,7]
    • a
    • Hasło przedmiotowe
    • Prendere (wyraz włoski).
    • 2
    • Źródło terminu
    • kaba
    • 9
    • KHW
    • 169042
650 -Hasło przedmiotowe [ ,7]
    • a
    • Hasło przedmiotowe
    • Język włoski
    • x
    • Określnik rzeczowy
    • czasowniki
    • v
    • Określnik formalny
    • słowniki polskie.
    • 2
    • Źródło terminu
    • kaba
    • 9
    • KHW
    • 648030
650 -Hasło przedmiotowe [ ,7]
    • a
    • Hasło przedmiotowe
    • Język włoski
    • x
    • Określnik rzeczowy
    • frazeologia
    • v
    • Określnik formalny
    • podręczniki.
    • 2
    • Źródło terminu
    • kaba
    • 9
    • KHW
    • 648031
980 -Symbol UKD [ , ]
    • a
    • UKD
    • 805.0-25:808.4-25
710 -Hasło dodatkowe - nazwa ciała zbiorowego [2, ]
    • a
    • Nazwa ciała zbiorowego lub nazwa geograficzna jako pierwszy element (NP)
    • Państwowe Wydawnictwo Wiedza Powszechna.
    • 4
    • Kod relacji
    • pbl
    • 9
    • KHW
    • 52062
920 -ISBN [ , ]
    • a
    • ISBN
    • 83-214-1085-5 Find
Status udost. Numer inwentarzowy Lokalizacja Data inwentaryzacji Sygnatura
1A.4943BM1998-03-16WŁ. Nauka języka 19